000
00292nam a2200133Ia 4500
008
100328s9999 xx 000 0 und d
082
_b
47479
100
_a
Martini Steve
245
_a
The Judge
260
_b
Headline books
630
_a
The Judge
730
_a
The Judge
942
_c
BOOK
999
_c
535254
_d
535251